Disposable income (Record no. 74672)
[ view plain ]
| 000 -LEADER | |
|---|---|
| fixed length control field | 01025cab a2200229 4500 |
| 001 - CONTROL NUMBER | |
| control field | ABS68587 |
| 008 - FIXED-LENGTH DATA ELEMENTS--GENERAL INFORMATION | |
| fixed length control field | 041215n2004 000 0 eng u |
| 035 ## - SYSTEM CONTROL NUMBER | |
| System control number | (Sirsi) u128306 |
| 100 ## - MAIN ENTRY--PERSONAL NAME | |
| Personal name | Redfern, B. |
| 245 ## - TITLE STATEMENT | |
| Title | Disposable income |
| 260 ## - PUBLICATION, DISTRIBUTION, ETC. | |
| Date of publication, distribution, etc. | 2004 |
| 490 ## - SERIES STATEMENT | |
| Series statement | New Civil Engineer |
| Volume/sequential designation | 18 November 2004, 28(1) |
| 520 ## - SUMMARY, ETC. | |
| Summary, etc. | Reports on the Landfill Allowance Trading Scheme (LATS) which allows surplus biodegradeable waste to be traded between local waste disposal waste authorities. The landfill directive (Directive 99/31/EC) aims to reduce the amount of biodegradeable waste sent to landfill. In the UK, each authority has been given an annual allowance. To assist in reaching the UK targets for reduction, government has introduced LATS. |
| 590 ## - LOCAL NOTE (RLIN) | |
| Local note | ABS |
| 650 ## - SUBJECT ADDED ENTRY--TOPICAL TERM | |
| Topical term or geographic name entry element | WASTE DISPOSAL |
| 650 ## - SUBJECT ADDED ENTRY--TOPICAL TERM | |
| Topical term or geographic name entry element | DIRECTIVE 99/31/EC |
| 650 ## - SUBJECT ADDED ENTRY--TOPICAL TERM | |
| Topical term or geographic name entry element | WASTE MINIMISATION |
| 650 ## - SUBJECT ADDED ENTRY--TOPICAL TERM | |
| Topical term or geographic name entry element | WASTE DISPOSAL AUTHORITIES |
| 650 ## - SUBJECT ADDED ENTRY--TOPICAL TERM | |
| Topical term or geographic name entry element | BIODEGRADABLE WASTE |
| 690 ## - LOCAL SUBJECT ADDED ENTRY--TOPICAL TERM (OCLC, RLIN) | |
| Topical term or geographic name as entry element | ENVIRONMENTAL AND LAND CONSULTANCY-WASTE MANAGEMENT |
| 942 ## - ADDED ENTRY ELEMENTS (KOHA) | |
| Suppress in OPAC | 0 |
| Withdrawn status | Lost status | Source of classification or shelving scheme | Damaged status | Not for loan | Home library | Current library | Shelving location | Date acquired | Total Checkouts | Full call number | Barcode | Date last seen | Copy number | Price effective from | Koha item type |
|---|---|---|---|---|---|---|---|---|---|---|---|---|---|---|---|
| Dewey Decimal Classification | London | London | Journal article | 15/12/2004 | ABS68587 | 128306-1001 | 06/08/2019 | 1 | 06/08/2019 | Journal article |